000 00539nam a2200193Ia 4500
008 180207s9999 xx 000 0 und d
020 _a9780689870590
050 _bM978 2004
100 _aMurphy, Stuart J.
245 _aTeenage mutant ninja turtles :
245 _blean, green smackdown machine! /
245 _cby Steve Murphy ; illustrated by Aristides Ruiz and Mike Giles.
260 _aNew York :
260 _bSimon Spotlight,
260 _c2004
300 _aunpaged :
300 _bchiefly colored ;
300 _c20cm.
999 _c355716
_d355716